• 首页
  • 本馆介绍
  • 公告通知
  • 最新文献
  • 馆藏检索
  • 电子资源
  • 读者导购
  • 参考咨询
  • 我的图书馆
  • 登录
  • 详细信息显示
  • 放入我的书架
  • 预约/预借图书
  • 作者相关作品
  • 分类相关作品
  • 丛书相关作品
  • 出版社相关作品

书目信息

  • 表格格式
  • 工作单格式
  • 卡片格式
题名:
微生物工程工艺原理
    
 
作者: 姚汝华 , 周世水 主编
分册:  
出版信息: 广州   华南理工大学出版社  2011.01
页数: 405页
开本: 26cm
丛书名:
单 册:
中图分类: TQ920.6
科图分类:
主题词: 微生物--生物工程--工艺学--高等学校--教材 , 微生物 , 生物工程
电子资源:
ISBN: 978-7-5623-2570-3
000 01133nam0 2200337 450
001 003430385
005 20070713085158.0
010    @a978-7-5623-2570-3@dCNY36.00
090    @aTQ92@byrh
096    @aTQ92@byrh
100    @a20070404e2011 em y0chiy50 ea
101 0  @achi
102    @aCN@b440000
105    @ay z 000yy
106    @ar
200 1  @a微生物工程工艺原理@b专著@f姚汝华,周世水主编@9wei sheng wu gong cheng gong yi yuan li
205    @a2版
210    @a广州@c华南理工大学出版社@d2011.01@h2007重印
215    @a405页@d26cm
300    @a21世纪生物科学与工程系列教材
330    @a本书系统介绍了微生物工程的工艺原理和生产技术。全书共分五篇,主要内容包括微生物工业菌种与培养基、发酵机制、发酵工艺过程的控制、发酵产物的提取与精制、微生物工程相关的技术与经济学。
606 0  @a微生物@x生物工程@x工艺学@x高等学校@j教材
606 0  @a微生物
606 0  @a生物工程
690    @aTQ920.6@v5
701  0 @a姚汝华@f(1933.8~)@4主编@9yao ru hua
701  0 @a周世水@f(1971~)@4主编@9zhou shi shui
801  0 @aCN@b110019@c20070514
905    @aBZT@dTQ920.6@e1
906    @dCNY36.00@n0@r1
SYS    @003430385
    
    微生物工程工艺原理/姚汝华,周世水主编.-2版.-广州:华南理工大学出版社,2011.01(2007重印)
    405页;26cm
    21世纪生物科学与工程系列教材
    
    ISBN 978-7-5623-2570-3:CNY36.00
    本书系统介绍了微生物工程的工艺原理和生产技术。全书共分五篇,主要内容包括微生物工业菌种与培养基、发酵机制、发酵工艺过程的控制、发酵产物的提取与精制、微生物工程相关的技术与经济学。
●
相关链接 在五车中查询图书 在当当中查询图书 在豆瓣中查询图书


正题名:微生物工程工艺原理     索取号:TQ920.6/1         预约/预借

序号 登录号 条形码 馆藏地/架位号 状态 备注
1 751270   2000751270   样本书库/样004架A面1层2列/ [索取号:TQ920.6/1] 在馆    
2 751271   2000751271   中心书库中库/ 中库026架A面9列6层47/ [索取号:TQ920.6/1] 在馆    
3 751272   2000751272   中心书库中库/ 中库026架A面9列6层49/ [索取号:TQ920.6/1] 在馆    
4 751273   2000751273   中心书库中库/ 中库026架A面9列6层46/ [索取号:TQ920.6/1] 在馆    
5 751274   2000751274   中心书库中库/ 中库026架A面9列6层45/ [索取号:TQ920.6/1] 在馆    
6 751275   2000751275   中心书库中库/ 中库026架A面9列6层48/ [索取号:TQ920.6/1] 在馆    
山东省滨州职业学院图书馆 欢迎您!
大连网信软件有限公司© 版权所有